000 00290nam a22001337a 4500
008 210302b ||||| |||| 00| 0 eng d
020 _a9780815141983
041 _aeng
080 _23th
_a615.83
100 _a8
101 _aEGZ
245 _aFocus on Health
_cHahn,B.D
942 _2udc
_cBK
999 _c55548
_d55548